01323 a2200277 4500001000700000020001300007041000800020082001000028100002700038520052200065521001100587697000900598697001100607697001800618697002400636856002400660040002500684090002200709245008300731260003300814300002100847700003400868942000700902952011700909999001901026119119 q(Broch.) apor a028.5 aNaddeo, Roberto Keller aO reino está em perigo e somente um príncipe ou uma princesa pode salvá-lo. Adivinhe quem será o herói dessa história? Envoltos nesse clima de fantasia de príncipes e dragões, amizade, autoconfiança e tolerância são tratados de forma leve e divertida. Eu e o Dragão é indicado para crianças a partir de 4 anos, que começam a observar seu crescimento, orgulhar-se das pequenas vitórias quotidianas mas que ainda se sentem inseguras diante dos novos desafios que a vida lhes apresenta. aYear 1 aMedo aRotina aSuperação aLiteratura infantil u000034/00003429.png aBR-BrIDEAcBR-BrIDEA aA Year 1 028bNAD10aAlice e o dragãocRoberto Keller Naddeo; ilustrações de Felippe Pinheiro aSão PaulobEUnolivroc2016 a25 p.bil. color aPinheiro, FelippeeIlustrador cBK 00102ddc4070a12.27b12.27d2023-03-09l0oA Year 1 028 NADp00060972AGCr2024-01-23 15:02:18w2024-01-23yBK c119119d119119